Kritika transhumanistickej kritiky Friedricha Nietzscheho

Moderné myslenie podľa transhumanizmu. Historicko-reflexívne línie filozofického myslenia. Posúdenie oprávnenosti kritiky, ktorú voči Nietzschemu transhumanizmus vznáša.

Guardado en:
Detalles Bibliográficos
Autor principal: Odorčák, Juraj
Formato: Capítulo de libro
Lenguaje:eslovaco
Materias:
Etiquetas: Agregar Etiqueta
Sin Etiquetas, Sea el primero en etiquetar este registro!

MARC

LEADER 00000naa$a2200000$$$4500
001 0116711
005 20231121102336.3
041 0 |a slo 
044 |a SK 
245 1 0 |a Kritika transhumanistickej kritiky Friedricha Nietzscheho  |c Juraj Odorčák 
520 |a Moderné myslenie podľa transhumanizmu. Historicko-reflexívne línie filozofického myslenia. Posúdenie oprávnenosti kritiky, ktorú voči Nietzschemu transhumanizmus vznáša. 
610 2 0 |a filozofia 
610 2 0 |a smery filozofické 
610 2 0 |a humanizmus 
610 2 0 |a metódy poznania 
610 2 0 |a kritika 
610 2 0 |a svetonázor 
100 1 |a Odorčák, Juraj